000 00589nam a2200229Ia 4500
003 OSt
005 20221005113852.0
006 a|||||r|||| 00| 0
007 ta
008 221004b |||||||| |||| 00| 0 san d
024 _a50749
037 _cTextual
040 _aCRL
_cCRL
_bsan
041 _2san
_asan
082 _aQ111:24, 15J3
100 _aSatwalekar Sripad Damodara Tr.
_9625068
245 0 _aAitareya Upanshid
260 _c1953
650 _aRELIGION
942 _hQ111:24, 15J3
_cTEXL
_2cc
999 _c1029579
_d1029579